000 00249nam a2200097Ia 4500
001 649549
005 20250826153744.0
008 250824s9999 xx 000 0 und d
245 0 _aŞİPŞAK HİKAYELER 3 KİMİM BEN?
_cBERNARD FRIOT
260 _bTUDEM
999 _c649549
_d649549